| 000 | 00500nam a2200157 a 4500 | ||
|---|---|---|---|
| 001 | 1886 | ||
| 003 | CDMR | ||
| 005 | 20130320100219.0 | ||
| 008 | 130130s1994||||||||||||||||||||||||||||d | ||
| 040 |
_aCDMR _bcat _cCPC LLEIDA |
||
| 100 | 1 |
_aPallarés Roqué, Marta _91405 |
|
| 245 | 1 | 3 |
_aLa Petite Galerie (1968-1976) _b: una galeria d'art alternatiu a Lleida _cMarta Pallarés i Roqué, Frederic Vilà i Tornos |
| 260 |
_aLleida _c1994 _bUniversitat de Lleida |
||
| 490 | 0 |
_aEspai/Temps _v20 |
|
| 942 |
_cMON _2udc |
||
| 999 |
_c1886 _d1886 |
||